Представление документа в формате RUSMARC

ПолеНазваниеЗначение
  Тип записи a
  Библиографический уровень m
001 Контрольный номер Book/6927
005 Дата корректировки 20240209174426.5
010 Индекс ISBN __
a ISBN 978-5-9533-3850-9
b Уточнения в пер.
d Цена 337 р. 00 к.
9 Тираж 5 000 экз.
090 Данные записи __
a Состояние записи 63.3(0)
b Тип записи Книги
c Язык записи Русский
d Отрасль знаний (КСУ) Другая
e Секретность Несекретно
g Вид записи Монография (однотомник)
x Дата передачи записи для обработки Ш65
100 Данные общей обработки __
a Данные общей обработки 20101020d2013 u u 1rusy ||||ca
101 Язык документа 0_
a Язык текста rus
105 Кодированные данные (монография) __
a Кодированные данные (монография) a z 000yy
181 Поле кодированных данных: вид содержания _1
a Код вида содержания (ISBD) i#
b Код характеристики содержания (ISBD) #xxe##
d i
g x
h x
i e
2 Код системы (источник кода, отличный от ISBD) isbdcontent
182 Поле кодированных данных: тип средства _1
a Код типа средства (ISBD) n
2 Код системы (источник кода, отличный от ISBD) isbdmedia
200 Заглавие и сведения об ответственности 1_
a Заглавие 100 великих героев
b Общее обозначение материала Текст
f Первые сведения об ответственности А. В. Шишов
w Текст (визуальный) : непосредственный
203 Вид содержания и тип средства __
a Вид содержания Текст
b Характеристика содержания визуальный
c Тип средства непосредственный
210 Выходные данные 1_
a Место издания Москва
c Издательство Вече
d Дата издания 2009
215 Физическое описание __
a Объем 480 с.
c Иллюстрации/тип воспроизводства ил.
225 Серия 1_
a Серия 100 великих
333 Примечание о целевом назначении __
a Примечание о целевом назначении 12+
606 Тематические рубрики 0_
a Основная рубрика Всемирная история - Герои
610 Ключевые слова 0_
a Ключевые слова история всемирная
a Ключевые слова герои разных стран
a Ключевые слова герои разных эпох
a Ключевые слова от древности до современности
a Ключевые слова вожди легендарные
a Ключевые слова полководцы
a Ключевые слова защитники героические
686 Индексы других классификаций __
a Классификационный индекс 63.3(0)
2 Код системы rubbk
700 Автор _1
a Фамилия Шишов
b Имя (инициалы) Алексей Васильевич
g Полное личное имя А. В.
801 Источник записи _0
a Страна RU
b Организация МБУК ЦБС г. Ульяновска
c Дата составления 20101020
801 Источник записи _1
a Страна RU
b Организация МБУК ЦБС г. Ульяновска
c Дата составления 20101020
899 Данные о местонахождении __
3 Книга № 13167
a Местонахождение 31 ф
i Авторский знак Ш 65
j Расстановочный фильтр 63.3(0)
d Название фонда Инв.книга №1
q Состояние Свободно
x Инвентарный номер 141829
901 Тип документа __
t Тип документа m
910 Корректоры записи __
a Корректор записи Тургенева